000
00302nam a22001337a 4500
008
181121b xxu||||| |||| 00| 0 eng d
020
_a
9781305661608
041
_a
eng
080
_a
338
100
_a
53
101
_a
MAN
245
_a
Mgmt Principles Of Management
_c
Williams.d
942
_2
udc
_c
BK
999
_c
52259
_d
52259